Fate Of a Cockroach (Record no. 3313)

MARC details
000 -LEADER
fixed length control field 00329nam a22001337a 4500
008 - FIXED-LENGTH DATA ELEMENTS--GENERAL INFORMATION
fixed length control field 250506b |||||||| |||| 00| 0 eng d
020 ## - INTERNATIONAL STANDARD BOOK NUMBER
ISBN 0435994018
100 ## - MAIN ENTRY--AUTHOR
Author AlHakim Tewfik
245 ## - TITLE STATEMENT
Title Fate Of a Cockroach
260 ## - PUBLICATION, DISTRIBUTION, ETC. (IMPRINT)
Place of publication Nairobi
Name of publisher Heinemann Educational books
Date of publication 1991
300 ## - COLLATION
Pagination 184p.
942 ## - ADDED ENTRY ELEMENTS (KOHA)
Item type Books
050 ## - LIBRARY OF CONGRESS CALL NUMBER
Classification number AJ1949
Item number .A44
Holdings
Source of classification or shelving scheme Not for loan Permanent location Current location Date acquired Accession No. Full call number Barcode. Koha item type
Library of Congress Classification   Samuel Ogbemudia Main Library, University of Abuja Samuel Ogbemudia Main Library, University of Abuja 05/06/2025 92/009426 AJ1949.A44 2025-1769 Books